Microwave transmission networks : (Record no. 12158)
[ view plain ]
| 000 -LEADER | |
|---|---|
| fixed length control field | 00705nam a22002172 4500 |
| 001 - CONTROL NUMBER | |
| control field | 0000020654 |
| 005 - DATE AND TIME OF LATEST TRANSACTION | |
| control field | 20151217155229.0 |
| 008 - FIXED-LENGTH DATA ELEMENTS--GENERAL INFORMATION | |
| fixed length control field | 110930s xx 000 0 eng d |
| 020 ## - INTERNATIONAL STANDARD BOOK NUMBER | |
| International Standard Book Number | 0070703515 : |
| 040 ## - CATALOGING SOURCE | |
| Original cataloging agency | KABU |
| Transcribing agency | KABU |
| 100 1# - MAIN ENTRY--PERSONAL NAME | |
| Personal name | Lehpamer, Harvey. |
| -- | 0000178902 |
| 245 10 - TITLE STATEMENT | |
| Title | Microwave transmission networks : |
| Remainder of title | planning, design, and development / |
| Statement of responsibility, etc. | Harvey Lehpamer. |
| 250 ## - EDITION STATEMENT | |
| Edition statement | 2nd ed. |
| 260 ## - PUBLICATION, DISTRIBUTION, ETC. (IMPRINT) | |
| Place of publication, distribution, etc. | New Delhi : |
| Name of publisher, distributor, etc. | Tata McGraw Hill, |
| Date of publication, distribution, etc. | 2010. |
| 300 ## - PHYSICAL DESCRIPTION | |
| Extent | xiv, 482 p. |
| 650 #0 - SUBJECT ADDED ENTRY--TOPICAL TERM | |
| Topical term or geographic name as entry element | Microwave communication systems. |
| -- | 0000178903 |
| 650 #0 - SUBJECT ADDED ENTRY--TOPICAL TERM | |
| Topical term or geographic name as entry element | Data transmission systems. |
| -- | 0000156307 |
| 852 1# - LOCATION | |
| -- | p2600 KES |
| 908 ## - PUT COMMAND PARAMETER (RLIN) | |
| Put command parameter | 110930 |
| 950 ## - LOCAL HOLDINGS (RLIN) | |
| -- | 1 |
| Withdrawn status | Lost status | Source of classification or shelving scheme | Not for loan | Home library | Current library | Date acquired | Total Checkouts | Full call number | Barcode | Date last seen | Date last checked out | Price effective from | Koha item type |
|---|---|---|---|---|---|---|---|---|---|---|---|---|---|
| Library of Congress Classification | Kabarak, Main Campus | Kabarak, Main Campus | 17/12/2015 | 2 | TK5103.2 .L44 2010 c. 1 | 21744 | 25/08/2020 | 07/08/2020 | 17/12/2015 | General Collection |